Toward a theology of the heavenly sanctuary in the hebrew Bible / (Record no. 19621)

MARC details
000 -LEADER
fixed length control field 01037nam a2200241 4500
003 - CONTROL NUMBER IDENTIFIER
control field AUA.1
005 - DATE AND TIME OF LATEST TRANSACTION
control field 20260217205839.0
008 - FIXED-LENGTH DATA ELEMENTS--GENERAL INFORMATION
fixed length control field 180312b xxu||||| |||| 00| 0 eng d
020 ## - INTERNATIONAL STANDARD BOOK NUMBER
International Standard Book Number 9783639001310
040 ## - CATALOGING SOURCE
Transcribing agency JTL
050 ## - LIBRARY OF CONGRESS CALL NUMBER
Classification number BX6122.S36
Item number S68 2008
050 ## - LIBRARY OF CONGRESS CALL NUMBER
Classification number BS680.T4
Item number S68 2008
100 ## - MAIN ENTRY--PERSONAL NAME
Personal name de Souza, Elias Brasil
245 ## - TITLE STATEMENT
Title Toward a theology of the heavenly sanctuary in the hebrew Bible /
Statement of responsibility, etc by Elias Brasil de Souza.
260 ## - PUBLICATION, DISTRIBUTION, ETC. (IMPRINT)
Place of publication, distribution, etc Germany :
Name of publisher, distributor, etc VDM Verlag Dr. Muller,
Date of publication, distribution, etc c2008.
300 ## - PHYSICAL DESCRIPTION
Extent xxi, 507 p. :
Dimensions 23 cm.
504 ## - BIBLIOGRAPHY, ETC. NOTE
Bibliography, etc Includes bibliographical references (p. 401-507)
505 ## - FORMATTED CONTENTS NOTE
Formatted contents note 1. Introduction-<br/>2. Ancient Near-Eastern background-<br/>3. The heavenly sanctuary/Temple motif in the Torah-<br/>4. The heavenly sanctuary/Temple motif in the prophets-<br/>5. The heavenly sanctuary/Temple motif in the writings-<br/>6. Theological Synthesis-<br/>Bibliography.
630 ## - SUBJECT ADDED ENTRY--UNIFORM TITLE
Uniform title Bible
Language of a work Hebrew
650 ## - SUBJECT ADDED ENTRY--TOPICAL TERM
Topical term or geographic name as entry element Sanctuary
General subdivision Temple
650 ## - SUBJECT ADDED ENTRY--TOPICAL TERM
Topical term or geographic name as entry element Heavenly Sanctuary
942 ## - ADDED ENTRY ELEMENTS (KOHA)
Source of classification or shelving scheme Library of Congress Classification
Koha item type Books
Classification part BX 6122.S36
Item part S68 2008
Holdings
Withdrawn status Lost status Source of classification or shelving scheme Damaged status Not for loan Collection code Home library Current library Shelving location Date acquired Source of acquisition Cost, normal purchase price Serial Enumeration / chronology Total Checkouts Full call number Barcode Date last seen Date checked out Cost, replacement price Price effective from Koha item type
    Library of Congress Classification     Books Judith Thomas Library Judith Thomas Library General Stacks 12/03/2018 Bought by JTL 80.69 AUA22506 4 BX 6122 .S36 S68 2008 AUA22506 14/08/2024 11/08/2024 80.69 12/03/2018 Books